00607nam a22001817a 450000500170000001000150001702000260003203500140005803700130007208200160008524501080010126000580020927000590026730000200032649000350034670000200038170000240040120180831150555.0 aENG-123847 a9788189762582c250.00 aEN-107379 bDBAD/PUB a302.2309545 aPenning for peace :ced.by Melvil Pereira [and] Bhaswati Borgohainbmedia, conflict and the northeast / aNew Delhic2016bNorth Eastern Social Research Centre bNew Delhia10, Institutional Area, Lodhi Road,e110003 a223p.c22(pbk.) aNESRC Peace Studies Series -10 aPereira, Melvil aBorgohain, Bhaswati